Geondy a cicatriz de um sentimento (Record no. 57961)

MARC details
000 -LÍDER
campo de controle de tamanho fixo 00397 a2200169 4500
001 - NÚMERO DE CONTROLE
campo de controle 57961
020 ## - ISBN - INTERNATIONAL STANDARD BOOK NUMBER
ISBN - International Standard Book Number 9788585923334
040 ## - FONTE DA CATALOGAÇÃO
Instituição que transcreveu o registro Anchieta - Pituba
100 ## - ENTRADA PRINCIPAL--NOME PESSOAL
Nome pessoal Calheira, Ivonildo
240 10 - TÍTULO UNIFORME
Título uniforme Geondy a cicatriz de um sentimento
Idioma da obra por
245 10 - TÍTULO
Título Geondy a cicatriz de um sentimento
300 ## - DESCRIÇÃO FÍSICA
Extensão 125
362 0# - DATAS DE PUBLICAÇÃO E/OU DESIGNAÇÃO SEQUENCIAL
Datas de publicação e/ou designação sequencial 2009
440 #1 - DECLARAÇÃO DE SÉRIE/ENTRADA ADICIONADA--TÍTULO
Título Extra
650 #4 - ASSUNTO--TERMO TÓPICO
Cabeçalho tópico ou nome geográfico Ficção brasileira
942 ## - ELEMENTOS DE ENTRADA ADICIONADOS (KOHA)
Tipo de material Koha Livros
Holdings
Situação do descarte Situação das perdas Situação física Não pode ser emprestado Biblioteca de origem Biblioteca atual Data de aquisição Total de empréstimos Número de chamada completo Código de barras Data de último acesso Data do preço efetivo Tipo de material Koha Data do último empréstimo
        Colégio Anchieta - Pituba Colégio Anchieta - Pituba 21/11/2023   869.93 C152g CAL GEO 8247/PIT 21/11/2023 21/11/2023 Livros  
        Colégio Anchieta - Pituba Colégio Anchieta - Pituba 21/11/2023     11626/PIT 21/11/2023 21/11/2023 Livros  
        Colégio Anchieta - Pituba Colégio Anchieta - Pituba 21/11/2023   869.93 C152g CAL GEO 18720/PIT 21/11/2023 21/11/2023 Livros  
        Colégio Anchieta - Pituba Inspira 21/11/2023 1 869.93 C152g CAL GEO 8248/PIT 21/11/2023 21/11/2023 Livros 21/11/2023